00957nam a2200265Ia 450000500170000000800410001702000190005810000420007724501080011925000200022730000270024765000360027465000390031065000330034965000380038265000360042065000460045670000210050226400340052333600270055733700330058433800280061704000350064508400110068020220317001108.0160825s2007 ag g 000 0 spa  a978950547110121 aTolkien, John Ronald Reveld1892-197313aEl señor de los anillos, 1b la comunidad del anillocJ.R.R Tolkien ; traducción de Luis Doménech a29a. edición  a527 páginas c24 cm 142LEMBaNovela inglesa ySiglo XX142LEMBaLiteratura inglesaySiglo XX142LEMBaHistorias de aventuras142LEMBaBien y mal en la literatura142LEMB aAmistad en la literatura142LEMB aReyes y soberanos en la literatura1 aDoménech, Luis aBuenos AiresbMinotauroc2007 atextobtxt2rdacontent asin mediaciónbn2rdamedia avolumenbnc2rdacarrier aCO-BoRNBPbspaerdacCO-BoRNBP aN TOL3